Every Song by RUSH - Statistics

General Stats
  • This quiz has been taken 13 times
  • The average score is 76 of 233
Answer Stats
Album Song % Correct
Moving Pictures(1981) I
100%
Moving Pictures(1981) Limelight
100%
Moving Pictures(1981) Tom Sawyer
100%
A Farewell to Kings(1977) 1
92%
A Farewell to Kings(1977) 2
92%
2112(1976) III. Discovery
92%
2112(1976) II. The Temples of Syrinx
92%
2112(1976) I. Overture
92%
2112(1976) IV. Presentation
92%
Permanent Waves(1980) The Spirit of Radio
92%
2112(1976) VII. Grand Finale
92%
2112(1976) VI. Soliloquy
92%
2112(1976) V. Oracle: The Dream
92%
A Farewell to Kings(1977) Closer to the Heart
85%
Fly by Night(1975) Fly by Night
85%
A Farewell to Kings(1977) A Farewell to Kings
77%
Moving Pictures(1981) Red Barchetta
77%
Moving Pictures(1981) YYZ
77%
Moving Pictures(1981) II
69%
Permanent Waves(1980) Permanent Waves
69%
Roll the Bones(1991) Roll the Bones
69%
Test for Echo(1996) Test for Echo
69%
Moving Pictures(1981) Witch Hunt
69%
Rush(1974) Working Man
69%
A Farewell to Kings(1977) Xanadu
69%
Clockwork Angels(2012) Clockwork Angels
62%
Permanent Waves(1980) Freewill
62%
Signals(1982) Subdivisions
62%
Presto(1989) The Pass
62%
Hold Your Fire(1987) Time Stand Still
62%
Vapor Trails(2002) Vapor Trail
62%
Permanent Waves(1980) Jacob's Ladder
54%
Presto(1989) Presto
54%
Power Windows(1985) The Big Money
54%
Hemispheres(1978) The Trees
54%
Permanent Waves(1980) Tide Pools
54%
Moving Pictures(1981) Vital Signs
54%
A Farewell to Kings(1977) 3
46%
Presto(1989) Anagram (For Mongo)
46%
Fly by Night(1975) Anthem
46%
2112(1976) A Passage to Bangkok
46%
Caress of Steel(1975) Bastille Day
46%
Signals(1982) Chemistry
46%
Signals(1982) Digital Man
46%
Permanent Waves(1980) Entre Nous
46%
Permanent Waves(1980) Hyperspace
46%
Fly by Night(1975) I. At the Tobes of Hades
46%
Hemispheres(1978) I. Buenos Nochas, Mein Froinds!
46%
Fly by Night(1975) i. Challenge and Defiance
46%
Fly by Night(1975) ii. 7/4 War Furor
46%
Fly by Night(1975) II. Across the Styx
46%
Fly by Night(1975) iii. Aftermath
46%
Hemispheres(1978) III. Strangiato Theme
46%
Hemispheres(1978) II. To Sleep, Perchance to Dream...
46%
Rush(1974) In the Mood
46%
Hemispheres(1978) IV. A Lerxst in Wonderland
46%
Fly by Night(1975) IV. Epilogue
46%
Fly by Night(1975) iv. Hymn of Triumph
46%
Hemispheres(1978) IX. Never Turn Your Back on a Monster!
46%
Grace Under Pressure(1984) Kid Gloves
46%
Signals(1982) Losing It
46%
Power Windows(1985) Middletown Dreams
46%
Signals(1982) New World Man
46%
Grace Under Pressure(1984) Red Sector A
46%
Presto(1989) Superconductor
46%
Signals(1982) The Analog Kid
46%
Hemispheres(1978) VII. Danforth and Pape
46%
Hemispheres(1978) VIII. The Waltz of the Shreves
46%
Hemispheres(1978) VI. The Ghost of the Aragon
46%
Hemispheres(1978) V. Monsters!
46%
Hemispheres(1978) XII. A Farewell to Things
46%
Hemispheres(1978) XI. Strangiato Theme (Reprise)
46%
Hemispheres(1978) X. Monsters! (Reprise)
46%
Counterparts(1993) Animate
38%
Fly by Night(1975) Best I Can
38%
Roll the Bones(1991) Bravado
38%
A Farewell to Kings(1977) Cinderella Man
38%
Hemispheres(1978) Circumstances
38%
Permanent Waves(1980) Different Strings
38%
Grace Under Pressure(1984) Distant Early Warning
38%
Hold Your Fire(1987) Force Ten
38%
Roll the Bones(1991) Ghost of a Chance
38%
Caress of Steel(1975) I Think I'm Going Bald
38%
Caress of Steel(1975) Lakeside Park
38%
A Farewell to Kings(1977) Madrigal
38%
Power Windows(1985) Manhattan Project
38%
Power Windows(1985) Marathon
38%
Hold Your Fire(1987) Mission
38%
Presto(1989) Show Don't Tell
38%
2112(1976) Tears
38%
Signals(1982) The Weapon
38%
Presto(1989) Available Light
31%
Grace Under Pressure(1984) Between the Wheels
31%
Clockwork Angels(2012) Caravan
31%
Presto(1989) Chain Lightning
31%
Signals(1982) Countdown
31%
Counterparts(1993) Cut to the Chase
31%
Roll the Bones(1991) Dreamline
31%
Test for Echo(1996) Driven
31%
Power Windows(1985) Emotion Detector
31%
Snakes & Arrows(2007) Faithless
31%
Vapor Trails(2002) Ghost Rider
31%
Presto(1989) Hand Over Fist
31%
Fly by Night(1975) In the End
31%
Hemispheres(1978) I. Prelude
31%
Counterparts(1993) Leave That Thing Alone
31%
2112(1976) Lessons
31%
Fly by Night(1975) Making Memories
31%
Rush(1974) Need Some Love
31%
Counterparts(1993) Nobody's Hero
31%
Rush(1974) Take a Friend
31%
2112(1976) The Twilight Zone
31%
Roll the Bones(1991) Where's My Thing?
31%
Grace Under Pressure(1984) Afterimage
23%
Counterparts(1993) Alien Shore
23%
Snakes & Arrows(2007) Armor and Sword
23%
Rush(1974) Before and After
23%
Fly by Night(1975) Beneath, Between and Behind
23%
Counterparts(1993) Between Sun and Moon
23%
Clockwork Angels(2012) BU2B
23%
Clockwork Angels(2012) BU2B2
23%
Counterparts(1993) Cold Fire
23%
Test for Echo(1996) Dog Years
23%
Vapor Trails(2002) Earthshine
23%
Counterparts(1993) Everyday Glory
23%
Snakes & Arrows(2007) Far Cry
23%
Rush(1974) Finding My Way
23%
Clockwork Angels(2012) Headlong Flight
23%
Rush(1974) Here Again
23%
Roll the Bones(1991) Heresy
23%
Snakes & Arrows(2007) Hope
23%
Vapor Trails(2002) How It Is
23%
Hemispheres(1978) II. Apollo (Bringer of Wisdom)
23%
Caress of Steel(1975) II. Didacts and Narpets
23%
Hemispheres(1978) III. Dionysus (Bringer of Love)
23%
Caress of Steel(1975) III. No One at the Bridge
23%
Caress of Steel(1975) III. Return of the Prince
23%
Caress of Steel(1975) I. In the Valley
23%
Caress of Steel(1975) I. Into the Darkness
23%
Caress of Steel(1975) II. Under the Shadow
23%
Hemispheres(1978) IV. Armageddon (The Battle of Heart and Mind)
23%
Caress of Steel(1975) IV. Panacea
23%
Roll the Bones(1991) Neurotica
23%
Vapor Trails(2002) One Little Victory
23%
A Farewell to Kings(1977) Prologue
23%
Grace Under Pressure(1984) Red Lenses
23%
Presto(1989) Red Tide
23%
Fly by Night(1975) Rivendell
23%
Presto(1989) Scars
23%
2112(1976) Something for Nothing
23%
Counterparts(1993) Stick It Out
23%
Power Windows(1985) Territories
23%
Grace Under Pressure(1984) The Body Electric
23%
Test for Echo(1996) The Color of Right
23%
Grace Under Pressure(1984) The Enemy Within
23%
Clockwork Angels(2012) The Garden
23%
Counterparts(1993) The Speed of Love
23%
Clockwork Angels(2012) The Wreckers
23%
Test for Echo(1996) Totem
23%
Caress of Steel(1975) V. Bacchus Plateau
23%
Hemispheres(1978) V. Cygnus (Bringer of Balance)
23%
Test for Echo(1996) Virtuality
23%
Caress of Steel(1975) VI. The Fountain
23%
Hemispheres(1978) VI. The Sphere (A Kind of Dream)
23%
Presto(1989) War Paint
23%
Rush(1974) What You're Doing
23%
Clockwork Angels(2012) Carnies
15%
Test for Echo(1996) Carve Away the Stone
15%
Counterparts(1993) Double Agent
15%
Vapor Trails(2002) Freeze
15%
Snakes & Arrows(2007) Good News First
15%
Power Windows(1985) Grand Designs
15%
Test for Echo(1996) Half the World
15%
Clockwork Angels(2012) Halo Effect
15%
Hold Your Fire(1987) High Water
15%
Test for Echo(1996) Limbo
15%
Hold Your Fire(1987) Lock and Key
15%
Snakes & Arrows(2007) Malignant Narcissism
15%
Power Windows(1985) Mystic Rhythms
15%
Vapor Trails(2002) Nocturne
15%
Hold Your Fire(1987) Open Secrets
15%
Test for Echo(1996) Resist
15%
Hold Your Fire(1987) Second Nature
15%
Snakes & Arrows(2007) Spindrift
15%
Hold Your Fire(1987) Tai Shan
15%
Clockwork Angels(2012) The Anarchist
15%
Roll the Bones(1991) The Big Wheel
15%
Snakes & Arrows(2007) The Larger Bowl (A Pantoum)
15%
Snakes & Arrows(2007) The Main Monkey Business
15%
A Show of Hands(1989) The Rhythm Method
15%
Snakes & Arrows(2007) The Way the Wind Blows
15%
Test for Echo(1996) Time and Motion
15%
Hold Your Fire(1987) Turn the Page
15%
Clockwork Angels(2012) Wish Them Well
15%
Snakes & Arrows(2007) Workin' Them Angels
15%
Roll the Bones(1991) You Bet Your Life
15%
Snakes & Arrows(2007) Bravest Face
8%
Exit... Stage Left(1981) Broon's Bane
8%
Vapor Trails(2002) Ceiling Unlimited
8%
Roll the Bones(1991) Face Up
8%
ABC 1974: The First American Broadcast(2011) Garden Road
8%
Clockwork Angels Tour(2013) Here It Is!
8%
Vapor Trails(2002) Out of the Cradle
8%
Vapor Trails(2002) Peaceable Kingdom
8%
Hold Your Fire(1987) Prime Mover
8%
Vapor Trails(2002) Secret Touch
8%
Clockwork Angels(2012) Seven Cities of Gold
8%
Vapor Trails(2002) Sweet Miracle
8%
Vapor Trails(2002) The Stars Look Down
8%
Snakes & Arrows(2007) We Hold On
8%
Clockwork Angels Tour(2013) Binary Love Theme
0%
Non-Album(1969) Child Reborn
0%
ABC 1974: The First American Broadcast(2011) Fancy Dancer
0%
Non-Album(1970) Feel So Good
0%
R40(2014) I've Been Runnin
0%
Non-Album(1970) Keep in Line
0%
Non-Album(1969) Losing Again
0%
Non-Album(1970) Love Light
0%
Non-Album(1970) Marguerite
0%
Non-Album(1970) Mike's Idea
0%
Non-Album(1970) Morning Star
0%
Non-Album(1970) Number One
0%
Rush in Rio(2003) O Baterista
0%
Clockwork Angels Tour(2013) Peke's Repose
0%
Non-Album(1970) Run Willie Run
0%
Non-Album(1970) Sing Guitar
0%
Non-Album(1970) Slaughterhouse
0%
Clockwork Angels Tour(2013) Steambanger's Ball
0%
Non-Album(1970) Tale
0%
R40(2014) The Loser
0%
Clockwork Angels Tour(2013) The Percussor
0%
R40 Live(2015) The World Is...The World Is...
0%
Non-Album(1973) You Can't Fight It
0%
No matching quizzes found
Score Distribution
Percent of People with Each Score
Percentile by Number Answered
Your Score History
You have not taken this quiz